00913nam a2200229 a 4500008004100000020003100041040002500072041001300097044001100110080001900121100003600140245013200176250001300308260004900321300002800370500010700398700002500505700003500530958000600565999001700571952009500588951211s1981||||[C 0 slo c c28 Kčs. q(3000 výtl.) aSNKbslocSNKeAACR21 aslohrus axocSK a1 100.212.7/.81 aNarskij, Igor Sergejevič4aut10aKategoriálne problémy marxisticko-leninskej filozofiecIgor Sergejevič Narskij ; Teodor Ollík, Ľubomír Nitschneider a1., vyd. aBratislavabPravdac1981eBratislavafPravda a323 s., 16,32 AHc21 cm aLit. 408. 408 zázn. lit. o knihách, čl. a zbor. v jaz. slov., čes., rus., angl., nem. a franc.1 aOllík, Teodor4trl1 aNitschneider, Ľubomír4bkd aA c15519d15519 011040708Ka10000b10000d2019-11-29g28.00i14543oK 096r2019-11-29w2019-11-29yOLDO